00725nam a2200229 a 45000010005000000030008000050050017000130080041000300350018000710350014000890400032001030410008001350820022001431000049001652450065002142500016002792600029002953000021003245040063003456500052004086500035004604487BD-RjUL20211208233912.0131222r19661965enk b 001 0 eng d a(BD-RjUL)4522 a(BD-RjUL) aNUNbengcNUNdNUNdBD-RjUL aeng04a346.4107220bFRL1 aFrank, W. F.q(William Francis),d1915-1977.14aThe legal aspects of industry and commerce /cby W.F. Frank. a4rd ed.rev. aLondon :bHarrap,c1966. a280 p. ;c22 cm. aIncludes bibliographical references (p. [269]) and index . 0aIndustrial laws and legislationzGreat Britain. 0aCommercial lawzGreat Britain.